Zgadnij flagę! (dla geomexa) - Statystyki

Ogólne statystyki
  • Ten quiz został rozwiązany 504 razy
  • Średni wynik to 8 z 10
Statystyki odpowiedzi
Zagadnienie Odpowiedź % Poprawnych
Czarnogóra
97%
Kiribati
89%
Uzbekistan
86%
Kolumbia
86%
Słowenia
84%
Mołdawia
78%
Burundi
76%
Gabon
76%
Brunei
65%
Irlandia
62%
Nie znaleziono quizów pasujących do podanych kryteriów
Rozkład punktacji
Procent ludzi z każdym wynikiem
Percentyl według liczby udzielonych odpowiedzi
Twoja historia wyników
Nie rozwiązałeś tego quizu